| 000 | 00433cam a2200157ua 4500 | ||
|---|---|---|---|
| 041 |
_aeng _h |
||
| 082 |
_a828.09 _bLAW/SH |
||
| 100 | _aLawrence, William Witherle . | ||
| 245 |
_aShakespeare`s problem comedies / _cWilliam Witherle Lawrence. _hTextual Documents |
||
| 250 |
_a2 / _b. |
||
| 260 |
_aNewyork : _bFrederick ungar publishing co.ltd , _c1960. |
||
| 300 | _a259 ; . | ||
| 504 | _a | ||
| 942 | _cBK | ||
| 999 |
_c12124 _d12124 |
||